ARRUPE JESUIT UNIVERSITY

CORONAVIRUS -STOP THE SPREAD - CLEAN,DISINFECT,COVER

The meaning of Mandela (Record no. 6521)

MARC details
000 -LEADER
fixed length control field 00603nam a2200229Ia 4500
003 - CONTROL NUMBER IDENTIFIER
control field 0100
008 - FIXED-LENGTH DATA ELEMENTS--GENERAL INFORMATION
fixed length control field 130227s9999 xx 000 0 und d
040 ## - CATALOGING SOURCE
Transcribing agency ARRUPELIB
050 ## - LIBRARY OF CONGRESS CALL NUMBER
Classification number DT1974.M43 2006
100 ## - MAIN ENTRY--PERSONAL NAME
Personal name Mangcu, Xolela
9 (RLIN) 31484
245 #4 - TITLE STATEMENT
Title The meaning of Mandela
245 ## - TITLE STATEMENT
Remainder of title a literary and intellectual celebration
260 ## - PUBLICATION, DISTRIBUTION, ETC. (IMPRINT)
Name of publisher, distributor, etc HSRC Press
Place of publication, distribution, etc Cape Town
Date of publication, distribution, etc 2006
300 ## - PHYSICAL DESCRIPTION
Extent xxiii
300 ## - PHYSICAL DESCRIPTION
Other physical details 40p. 21cm.
600 ## - SUBJECT ADDED ENTRY--PERSONAL NAME
Personal name Mandela, Nelson
9 (RLIN) 31485
942 ## - ADDED ENTRY ELEMENTS (KOHA)
Source of classification or shelving scheme Library of Congress Classification
Item type Monograph ( Printed materials)
Holdings
Withdrawn status Lost status Source of classification or shelving scheme Damaged status Not for loan Collection code Home library Current library Shelving location Date acquired Total Checkouts Full call number Barcode Date last seen Copy number Price effective from Koha item type
    Library of Congress Classification     Main Collection ARRUPE LIBRARY ARRUPE LIBRARY   27/02/2013   DT1974.M43 2006 46408927 07/12/2017 1 27/02/2013 Monograph ( Printed materials)

 

Arrupe Library. PO Box MP320 Mt Pleasant, Harare, Zimbabwe
263 242 745411|librarian@aju.ac.zw